| 000 | 01006nam a2200289 u 4500 | ||
|---|---|---|---|
| 005 | 20241203063725.0 | ||
| 008 | 191011s1941 mx r 000 0 spa d | ||
| 020 | _a9681600703 | ||
| 035 | _aUPN01000233280 | ||
| 040 |
_aUPN _bspa _cUPN |
||
| 050 | 4 |
_aHM477.F8 _bM3.7 |
|
| 100 | 1 |
_aMarvin, Francis Sydney, _d1863-1943 _944229 |
|
| 240 | 1 | 0 |
_aComte, the founder of sociology. _lEspañol |
| 245 | 1 | 0 |
_aComte / _cFrancis Sidney Marvin ; traducción de Salvador Echavarría. |
| 250 |
_a1a ed. _b1a reimpresión (1978) |
||
| 260 |
_aMéxico : _bFCE, _c1941. |
||
| 300 | _a148 p. | ||
| 440 |
_943992 _aSección de obras de sociología. _pLos grandes sociólogos |
||
| 500 | _aTraducción de: Comte, the founder of sociology. | ||
| 504 | _aIncluye indice. | ||
| 600 | 1 | 2 |
_911189 _aCOMTE, AUGUSTE, _d1798-1857 - _xCRITICA E INTERPRETACION |
| 650 | 4 |
_aSociología _xHistoria _97604 |
|
| 700 | 1 |
_aEchavarría, Salvador, _d1900-1987 _943993 |
|
| 905 | _aLibro | ||
| 942 |
_2lcc _cLIBRO |
||
| 999 |
_c205375 _d205375 |
||